00466nam a2200181 a 4500001001300000003000900013005001700022008004100039020001000080082001600090245002700106260003600133300000900169500003500178505003100213650001900244710002100263nice12345678IN_TiNIC20260116011323.0050524s1880 beia grp 000 0 ara  ac10000a892.73bCOU aQissa Kardo Al Hindiya aBeirutbCouncil of Karaarc1880 a122p aincludes index and biblioraphy2 aNotes, Bibliography, Index aArabic-Fiction2 aCouncil of Karar